Loading...
History - European History | 0 | 4 | 0 | 1 | 40 | 68 | 87.50 | 2 | 4 |
Literature - British Literature | 2 | 1 | 0 | 0 | 40 | 60 | 78.67 | 1 | 3 |
Beliefs | 0 | 3 | 0 | 0 | 30 | 95 | 110.33 | 0 | 3 |
Social Science | 0 | 3 | 0 | 0 | 30 | 90 | 99.33 | 1 | 3 |
History - World History | 0 | 3 | 1 | 0 | 25 | 88 | 94.33 | 0 | 2 |
Science - Biology | 0 | 2 | 0 | 0 | 20 | 80 | 83.50 | 1 | 2 |
Science - Physics | 0 | 2 | 0 | 0 | 20 | 90 | 107.00 | 0 | 1 |
History - American History | 0 | 2 | 1 | 0 | 15 | 110 | 117.00 | 1 | 2 |
Fine Arts - Other Arts | 1 | 0 | 0 | 0 | 15 | 21 | 21.00 | 1 | 1 |
Science - Chemistry | 1 | 0 | 0 | 0 | 15 | 25 | 25.00 | 1 | 1 |
Current Events | 0 | 1 | 0 | 0 | 10 | 132 | 132.00 | 0 | 0 |
Science - Other Science | 1 | 0 | 1 | 0 | 10 | 69 | 69.00 | 1 | 1 |
History - Ancient History | 0 | 1 | 0 | 0 | 10 | 126 | 126.00 | 0 | 0 |
Other Academic | 0 | 1 | 0 | 0 | 10 | 80 | 80.00 | 0 | 0 |
Geography | 0 | 1 | 1 | 0 | 5 | 97 | 97.00 | 0 | 1 |
Visual Arts | 0 | 1 | 1 | 0 | 5 | 128 | 128.00 | 0 | 0 |